| 000 | 00452cam a22001934a 4500 | ||
|---|---|---|---|
| 005 | 20250605164326.0 | ||
| 008 | 250528s ||||||||||||||||||||||||d | ||
| 035 | _a23047 | ||
| 020 | _a9780273602033 | ||
| 040 |
_aGR-AtMCL _bgre _dGR-AtMCL _eAACR2 |
||
| 245 | 1 | _aTRAVEL GEOGRAPHY | |
| 250 | _a2 | ||
| 260 |
_bPitman Publishing, _c1995 |
||
| 300 | _a514 | ||
| 700 | 1 |
_aBurton Rosemary _93364 |
|
| 942 | _cBK | ||
| 999 |
_c8087 _d8087 |
||